000
00191nam a2200085Ia 4500
008
170620s9999 xx 000 0 und d
100
_a
Kapoor - S. K.
245
0
_a
contract
260
_b
Central Law Agency
260
_c
2002
999
_c
28811
_d
28811